• 首页
  • 本馆介绍
  • 公告通知
  • 最新文献
  • 馆藏检索
  • 电子资源
  • 读者导购
  • 参考咨询
  • 我的图书馆
  • 登录
  • 详细信息显示
  • 放入我的书架
  • 预约/预借图书
  • 作者相关作品
  • 分类相关作品
  • 丛书相关作品
  • 出版社相关作品

书目信息

  • 表格格式
  • 工作单格式
  • 卡片格式
题名:
从鸭绿江到板门店
    
 
作者: 姚旭 著
分册:  
出版信息: 北京   人民出版社  1985
页数: 182页
开本: 20cm
丛书名:
单 册:
中图分类: D651.3
科图分类:
主题词: 抗美援朝运动
电子资源:
ISBN:
000 00748nam0 2200241 45
001 0185001709
005 20050620150434.3
010    @dCNY1.25
091    @a3001.2082
100    @a19900816d1985 em y0chiy0121 ea
101 0  @achi
102    @aCN@b110000
105    @af z 000yd
200 10 @a从鸭绿江到板门店@Acong ya lv jiang dao ban men dian@e伟大的抗美援朝战争@EWei Da De Kang Mei Yuan Chao Zhan Zheng@f姚旭著@FYao Xu Zhu
210    @a北京@c人民出版社@d1985
215    @a182页@c照片@d20cm
517    @a伟大的抗美援朝战争@AWei Da De Kang Mei Yuan Chao Zhan Zheng
606 0  @a抗美援朝运动
690    @aD651.3@v3
701  0 @a姚旭@4著
801  0 @aCN@b深圳图书馆@c20040423
801  2 @aCN@bNLC@c20040423
905    @dD651.3@e3@f1@b145017
    
    从鸭绿江到板门店:伟大的抗美援朝战争/姚旭著.-北京:人民出版社,1985
    182页:照片;20cm
    
    
    ISBN :CNY1.25
    
●
相关链接 在E读中查询图书 在五车中查询图书 在当当中查询图书 在豆瓣中查询图书


正题名:从鸭绿江到板门店     索取号:D651.3/3         预约/预借

序号 登录号 条形码 馆藏地/架位号 状态 备注
1 0145015   001122920   密集书库/ [索取号:D651.3/3] 在馆    
2 0145016   001111219   第一借阅区/ [索取号:D651.3/3] 在馆    
3 0145017   001111503   第一样本阅览室/ [索取号:D651.3/3] 在馆    
唐山师范学院图书馆 欢迎您!
大连网信软件有限公司© 版权所有